000 01026 am a22003138a 4500
001 ocm57749969
003 EG-ScBUE
005 20250512091849.0
008 050217t2025 gw a f b 000 0 eng d
020 _a9783836577748
035 _a(OCoLC)ocm57749969
040 _aUKM
_beng
_erda
_cUKM
_dBAKER
_dPL#
_dYDXCP
_dEG-ScBUE
082 0 4 _a770.9
_222
_bKOE
100 1 _aKoetzle, Hans-Michael,
_eauthor.
245 1 0 _aPhoto icons :
_b50 landmark photographs and their stories /
_cHans-Michael Koetzle.
264 1 _aKöln :
_bTaschen,
_c[2025]
264 4 _cc2025
300 _a427 p. :
_billustrations (some color) ;
_c22 cm
336 _2rdacontent
_atext
_btxt
337 _2rdamedia
_aunmediated
_bn
338 _2rdacarrier
_avolume
_bnc
504 _aIncludes bibliographical references.
650 7 _aPhotography
_xHistory
_y20th century.
_2BUEsh
650 7 _aPhotojournalism
_xHistory
_y20th century.
_2BUEsh
650 7 _aPhotographers.
_2BUEsh
653 _cMay2025
_bART
655 _vReading book
942 _2ddc
_cBB
999 _c30966
_d30937